000 00830nam a22002057a 4500
999 _c11592
_d11592
003 AR-CdUCM
008 190404b ||||| |||| 00| 0 spa d
040 _aMUNICIPALIDAD PROVINCIAL DEL CUSCO
_cBIBLIOTECA MUNICIPAL DEL CUSCO
082 _a200 / 1913 /
_bH53
100 _aHillaire, A.
_929027
245 _aLa religión demostrada :
_blos fundamentos de la fe católica ante la razón y la ciencia /
260 _aBuenos Aires :
_bEditorial difusión,
_c1913.
300 _a600 páginas ;
_c19 cm.
505 _aContenido: Dios existe -- Tenemos alma -- El hombre necesita de una religión. Solo una religión es buena -- La religión cristiana es la única religión divina...
650 _aReligión
_91195
650 _aCiencia
_92098
650 _aCristianismo
_92910
942 _2ddc
_cLIBROS
945 _adavv
_d04/04/2019